Training & Development (Record no. 299363)
[ view plain ]
| 000 -LEADER | |
|---|---|
| fixed length control field | 00352nam a22001337a 4500 |
| 020 ## - INTERNATIONAL STANDARD BOOK NUMBER | |
| International Standard Book Number | 81-8052-098-6 |
| 082 ## - DEWEY DECIMAL CLASSIFICATION NUMBER | |
| Classification number | 658 DEB/TR |
| 100 ## - MAIN ENTRY--PERSONAL NAME | |
| Personal name | Tapomoy Deb |
| 245 ## - TITLE STATEMENT | |
| Title | Training & Development |
| Remainder of title | Concepts & Applications |
| 260 ## - PUBLICATION, DISTRIBUTION, ETC. (IMPRINT) | |
| Place of publication, distribution, etc. | New Delhi |
| Name of publisher, distributor, etc. | Ane Books |
| Date of publication, distribution, etc. | 2006 |
| 300 ## - PHYSICAL DESCRIPTION | |
| Extent | 241 |
| 650 ## - SUBJECT ADDED ENTRY--TOPICAL TERM | |
| Topical term or geographic name as entry element | training and development |
| -- | learning and training |
| 942 ## - ADDED ENTRY ELEMENTS (KOHA) | |
| Koha item type | Books (General) |
| Withdrawn status | Lost status | Damaged status | Not for loan | Home library | Current library | Date acquired | Total Checkouts | Full call number | Barcode | Date last seen | Price effective from | Koha item type |
|---|---|---|---|---|---|---|---|---|---|---|---|---|
| College of Agriculture, Padannakkad | College of Agriculture, Padannakkad | 15/03/2016 | 658 DEB/TR | KAU_COAP-06154 | 15/03/2016 | 15/03/2016 | Books (General) |
